<?xml version="1.0" encoding="UTF-8"?>
<record
    xmlns:xsi="http://www.w3.org/2001/XMLSchema-instance"
    xsi:schemaLocation="http://www.loc.gov/MARC21/slim http://www.loc.gov/standards/marcxml/schema/MARC21slim.xsd"
    xmlns="http://www.loc.gov/MARC21/slim">

  <leader>02119nam0a2200457   4500</leader>
  <controlfield tag="001">RU\NLR\bibl\1894332</controlfield>
  <controlfield tag="005">20260406020917.0</controlfield>
  <datafield tag="010" ind1=" " ind2=" ">
    <subfield code="a">978-5-397-02966-7</subfield>
  </datafield>
  <datafield tag="021" ind1=" " ind2=" ">
    <subfield code="a">RU</subfield>
    <subfield code="b">2012-22979</subfield>
    <subfield code="9">1718</subfield>
  </datafield>
  <datafield tag="035" ind1=" " ind2=" ">
    <subfield code="a">(nilc)RSL-KNO-005416937</subfield>
  </datafield>
  <datafield tag="035" ind1=" " ind2=" ">
    <subfield code="a">(NLR Aleph) 001884005</subfield>
  </datafield>
  <datafield tag="090" ind1=" " ind2=" ">
    <subfield code="a">2829527</subfield>
    <subfield code="c">2829527</subfield>
  </datafield>
  <datafield tag="100" ind1=" " ind2=" ">
    <subfield code="a">20120409e20121909|||y0rusy50      ca</subfield>
  </datafield>
  <datafield tag="101" ind1="1" ind2=" ">
    <subfield code="a">rus</subfield>
    <subfield code="c">pol</subfield>
  </datafield>
  <datafield tag="102" ind1=" " ind2=" ">
    <subfield code="a">RU</subfield>
  </datafield>
  <datafield tag="105" ind1=" " ind2=" ">
    <subfield code="a">y   |||||||||</subfield>
  </datafield>
  <datafield tag="200" ind1="1" ind2=" ">
    <subfield code="a">&#x421;&#x43E;&#x446;&#x438;&#x430;&#x43B;&#x438;&#x437;&#x43C; &#x438; &#x441;&#x43F;&#x440;&#x430;&#x432;&#x435;&#x434;&#x43B;&#x438;&#x432;&#x43E;&#x441;&#x442;&#x44C;</subfield>
    <subfield code="e">Socializm i sprawiedliwo&#x15B;&#x107;</subfield>
    <subfield code="f">&#x41B;. &#x411;&#x435;&#x43B;&#x44C;&#x43C;&#x43E;&#x43D;&#x442;</subfield>
    <subfield code="g">&#x43F;&#x435;&#x440;. &#x441; &#x43F;&#x43E;&#x43B;. &#x420;. &#x420;. &#x411;&#x43E;&#x434;&#x443;&#x44D;&#x43D; &#x434;&#x435; &#x41A;&#x443;&#x440;&#x442;&#x435;&#x43D;&#x44D;</subfield>
    <subfield code="g">&#x43F;&#x43E;&#x434; &#x440;&#x435;&#x434;. &#x438; &#x441; &#x43F;&#x440;&#x435;&#x434;&#x438;&#x441;&#x43B;. &#x412;. &#x412;. &#x411;&#x438;&#x442;&#x43D;&#x435;&#x440;&#x430;</subfield>
    <subfield code="z">pol</subfield>
  </datafield>
  <datafield tag="205" ind1=" " ind2=" ">
    <subfield code="a">&#x418;&#x437;&#x434;. 2-&#x435;</subfield>
    <subfield code="b">[&#x440;&#x435;&#x43F;&#x440;.]</subfield>
  </datafield>
  <datafield tag="210" ind1=" " ind2=" ">
    <subfield code="a">&#x41C;&#x43E;&#x441;&#x43A;&#x432;&#x430;</subfield>
    <subfield code="c">URSS</subfield>
    <subfield code="c">&#x41B;&#x418;&#x411;&#x420;&#x41E;&#x41A;&#x41E;&#x41C;</subfield>
    <subfield code="d">2012</subfield>
  </datafield>
  <datafield tag="215" ind1=" " ind2=" ">
    <subfield code="a">[2], 96, [1] &#x441;.</subfield>
    <subfield code="c">&#x438;&#x43B;.</subfield>
    <subfield code="d">22</subfield>
  </datafield>
  <datafield tag="225" ind1="1" ind2=" ">
    <subfield code="a">&#x420;&#x430;&#x437;&#x43C;&#x44B;&#x448;&#x43B;&#x44F;&#x44F; &#x43E; &#x43C;&#x430;&#x440;&#x43A;&#x441;&#x438;&#x437;&#x43C;&#x435;</subfield>
  </datafield>
  <datafield tag="300" ind1=" " ind2=" ">
    <subfield code="a">&#x410;&#x432;&#x442;. &#x442;&#x430;&#x43A;&#x436;&#x435; &#x43D;&#x430; &#x43F;&#x43E;&#x43B;. &#x44F;&#x437;.: Leo Belmont</subfield>
  </datafield>
  <datafield tag="300" ind1=" " ind2=" ">
    <subfield code="a">&#x41D;&#x430; 4-&#x439; &#x441;. &#x43E;&#x431;&#x43B;. &#x430;&#x432;&#x442;.: &#x41B;&#x435;&#x43E; &#x411;&#x435;&#x43B;&#x44C;&#x43C;&#x43E;&#x43D;&#x442; (&#x43D;&#x430;&#x441;&#x442;&#x43E;&#x44F;&#x449;&#x435;&#x435; &#x438;&#x43C;&#x44F; &#x41B;&#x435;&#x43E;&#x43F;&#x43E;&#x43B;&#x44C;&#x434; &#x411;&#x43B;&#x44E;&#x43C;&#x435;&#x43D;&#x442;&#x430;&#x43B;&#x44C;)</subfield>
  </datafield>
  <datafield tag="300" ind1=" " ind2=" ">
    <subfield code="a">&#x41D;&#x430; &#x442;&#x438;&#x442;. &#x43B;. &#x43E;&#x440;&#x438;&#x433;. &#x438;&#x437;&#x434;.: &#x421;.-&#x41F;&#x435;&#x442;&#x435;&#x440;&#x431;&#x443;&#x440;&#x433;: &#x412;&#x435;&#x441;&#x442;&#x43D;&#x438;&#x43A; &#x437;&#x43D;&#x430;&#x43D;&#x438;&#x44F;, 1909</subfield>
  </datafield>
  <datafield tag="320" ind1=" " ind2=" ">
    <subfield code="a">&#x414;&#x440;. &#x440;&#x430;&#x431;&#x43E;&#x442;&#x44B; &#x430;&#x432;&#x442;. &#x43D;&#x430; 4-&#x439; &#x441;. &#x43E;&#x431;&#x43B;. &#x430;&#x432;&#x442;.</subfield>
  </datafield>
  <datafield tag="455" ind1=" " ind2="0">
    <subfield code="1">2001#$a&#x421;&#x43E;&#x446;&#x438;&#x430;&#x43B;&#x438;&#x437;&#x43C; &#x438; &#x441;&#x43F;&#x440;&#x430;&#x432;&#x435;&#x434;&#x43B;&#x438;&#x432;&#x43E;&#x441;&#x442;&#x44C;</subfield>
    <subfield code="1">210##$a&#x421;.-&#x41F;&#x435;&#x442;&#x435;&#x440;&#x431;&#x443;&#x440;&#x433;$c&#x412;&#x435;&#x441;&#x442;&#x43D;&#x438;&#x43A; &#x437;&#x43D;&#x430;&#x43D;&#x438;&#x44F;$d1909</subfield>
    <subfield code="t">&#x421;&#x43E;&#x446;&#x438;&#x430;&#x43B;&#x438;&#x437;&#x43C; &#x438; &#x441;&#x43F;&#x440;&#x430;&#x432;&#x435;&#x434;&#x43B;&#x438;&#x432;&#x43E;&#x441;&#x442;&#x44C;</subfield>
  </datafield>
  <datafield tag="517" ind1="0" ind2=" ">
    <subfield code="6">z22790</subfield>
    <subfield code="a">Socializm i sprawiedliwo&#x15B;&#x107;</subfield>
    <subfield code="z">pol</subfield>
  </datafield>
  <datafield tag="606" ind1="1" ind2=" ">
    <subfield code="a">&#x421;&#x43E;&#x446;&#x438;&#x430;&#x43B;&#x438;&#x437;&#x43C;</subfield>
    <subfield code="9">1189997</subfield>
    <subfield code="3">RU\NLR\AUTH\66480143</subfield>
  </datafield>
  <datafield tag="686" ind1=" " ind2=" ">
    <subfield code="a">&#x421;3(4&#x41F;)6-8&#x411;&#x435;&#x43B;&#x44C;&#x43C;&#x43E;&#x43D;&#x442; &#x41B;.,0</subfield>
    <subfield code="2">rubbk</subfield>
  </datafield>
  <datafield tag="686" ind1=" " ind2=" ">
    <subfield code="a">&#x42E;3(0)6-609,0</subfield>
    <subfield code="2">rubbk</subfield>
  </datafield>
  <datafield tag="686" ind1="1" ind2=" ">
    <subfield code="a">&#x410;7,0</subfield>
  </datafield>
  <datafield tag="700" ind1=" " ind2="1">
    <subfield code="4">070</subfield>
    <subfield code="8">rus</subfield>
    <subfield code="7">ca</subfield>
    <subfield code="a">&#x411;&#x435;&#x43B;&#x44C;&#x43C;&#x43E;&#x43D;&#x442;</subfield>
    <subfield code="b">&#x41B;.</subfield>
    <subfield code="f">1865-1941</subfield>
    <subfield code="g">&#x41B;&#x435;&#x43E;</subfield>
    <subfield code="3">RU\NLR\auth\77122402</subfield>
    <subfield code="9">105327</subfield>
  </datafield>
  <datafield tag="790" ind1=" " ind2="1">
    <subfield code="4">070</subfield>
    <subfield code="8">pol</subfield>
    <subfield code="7">ba</subfield>
    <subfield code="a">Belmont</subfield>
    <subfield code="b">L.</subfield>
    <subfield code="f">1865-1941</subfield>
    <subfield code="g">Leo</subfield>
    <subfield code="3">RU\NLR\auth\77122407</subfield>
    <subfield code="9">105332</subfield>
  </datafield>
  <datafield tag="801" ind1=" " ind2="0">
    <subfield code="a">RU</subfield>
    <subfield code="b">RuMoRKP</subfield>
    <subfield code="c">20120409</subfield>
    <subfield code="g">rcr</subfield>
  </datafield>
  <datafield tag="801" ind1=" " ind2="1">
    <subfield code="a">RU</subfield>
    <subfield code="b">&#x420;&#x413;&#x411;</subfield>
    <subfield code="c">20120409</subfield>
  </datafield>
  <datafield tag="801" ind1=" " ind2="2">
    <subfield code="a">RU</subfield>
    <subfield code="b">NLR</subfield>
    <subfield code="c">20120417</subfield>
    <subfield code="g">rcr</subfield>
  </datafield>
  <datafield tag="830" ind1=" " ind2=" ">
    <subfield code="a">&#x430;&#x432;&#x442;. &#x43F;&#x43E; &#x43A;&#x43D;.</subfield>
  </datafield>
  <datafield tag="942" ind1=" " ind2=" ">
    <subfield code="c">BOOK</subfield>
  </datafield>
  <datafield tag="980" ind1=" " ind2=" ">
    <subfield code="a">NB</subfield>
  </datafield>
  <datafield tag="995" ind1=" " ind2=" ">
    <subfield code="5">2012-04-17</subfield>
    <subfield code="a">ad</subfield>
    <subfield code="b">NLR01</subfield>
    <subfield code="c">NLR01</subfield>
    <subfield code="e">RF8</subfield>
    <subfield code="f">1-45262</subfield>
    <subfield code="k">2012-5/2879</subfield>
    <subfield code="o">0</subfield>
    <subfield code="r">BOOK</subfield>
    <subfield code="s">201252879_</subfield>
  </datafield>
  <datafield tag="995" ind1=" " ind2=" ">
    <subfield code="5">2012-04-17</subfield>
    <subfield code="a">ad</subfield>
    <subfield code="b">NLR01</subfield>
    <subfield code="c">NLR01</subfield>
    <subfield code="e">RF8</subfield>
    <subfield code="f">3639116</subfield>
    <subfield code="k">2012-5/2879</subfield>
    <subfield code="o">0</subfield>
    <subfield code="r">BOOK</subfield>
    <subfield code="s">201252879_</subfield>
  </datafield>
</record>
